| 000 | 00606nam a2200157 a 4500 | ||
|---|---|---|---|
| 008 | 210303s2012 ||||||||||||||||| || u | ||
| 020 | _a9785865475637 | ||
| 050 | _aPG 2900 Max | ||
| 100 | _aMaximov, V.I | ||
| 245 | 1 | 0 |
_aGrammar reference: systematic and functional system of writing Russian grammar (2nd edition)) _cV.I Maximov |
| 250 | _a2nd edition | ||
| 260 |
_aSt. Petersburg _c2012 |
||
| 300 | _a218 pages | ||
| 650 | _aRUSSIAN LITERATURE | ||
| 995 |
_FCBU-MAIN LIBRARY (Kitwe) _M1 _UAVAILABLE _WMar 3, 2021 _ZMain Library Open Access Collection |
||
| 999 |
_c44885 _d44885 |
||